Pla d'Optimització de Recursos / grup: Racionalització dels Sistemes d'Arxiu Racionalització dels Sistemes d'Arxiu
Descripción Física:
Carpeta contenint diferents dossiers de treball ; 35 cm
MARC
| LEADER | 00000nam a2200000Ia 4500 | ||
|---|---|---|---|
| 001 | 15201 | ||
| 008 | 160829s9999 xx 000 0 cat d | ||
| 080 | |a FOL-2-57 | ||
| 245 | |a Pla d'Optimització de Recursos / grup: |b Racionalització dels Sistemes d'Arxiu | ||
| 260 | |a [Barcelona] : |b Diputació de Barcelona, Xarxa de Municipis, [2003] | ||
| 300 | |a Carpeta contenint diferents dossiers de treball ; |c 35 cm | ||
| 650 | |a Pla d'Optimització de Recursos |9 21952 | ||
| 650 | |a Arxius |x Organització |9 31950 | ||
| 650 | 0 | |a Gestió dels documents |9 43349 | |
| 650 | |a Arxivística |9 36557 | ||
| 710 | 1 | |a Barcelona (Catalunya : Província). |b Diputació |9 52408 | |
| 901 | |a Arxiu | ||
| 942 | |n 1 | ||
| 952 | |0 0 |1 0 |4 0 |6 FOL257 |7 1 |9 41960 |a Arxiu |b Arxiu |d 2016-12-01 |l 0 |o FOL-2-57 |p 15201 |r 2016-12-01 00:00:00 |w 2016-12-01 |y ARXIU | ||
| 999 | |c 44407 |d 44407 | ||